00610cam a22001932 4500001001100000005001700011008004100028020001500069040001500084100003400099245011700133250001400250260003400264300001700298650003400315700003100349700003300380852000300413000002035320151217145924.0110913s xx 000 0 eng d a0072827416 aKABUcKABU1 aWidmaier, Eric P.@000018143710aVander's human physiology :bthe mechanisms of body function /cEric P. Widmaier, Hershel Raff, Kevin T. Strang. a10th ed. aBoston :bMcGraw-Hill,c2006. axxxi, 827 p. 0aHuman physiology.@00001555971 aRaff, Hershel.@00001814381 aStrang, Kevin T.@00001814391